1013 ejercicios y juegos aplicados al balonmano

সংরক্ষণ করুন:
গ্রন্থ-পঞ্জীর বিবরন
প্রধান লেখক: Lasierra Aguilá, Gerard (Author), Ponz, José María (Author), Andrés, Fernando de (Author)
বিন্যাস: গ্রন্থ
ভাষা:স্প্যানিশ
প্রকাশিত: Barcelona Paidotribo 2005
সংস্করন:4a. ed
মালা:Colección Deporte
বিষয়গুলি:
ট্যাগগুলো: ট্যাগ যুক্ত করুন
কোনো ট্যাগ নেই, প্রথমজন হিসাবে ট্যাগ করুন!

MARC

LEADER 00000nam a2200000 a 4500
001 UCG3105
003 CL-VaPUC
008 100812e20050000SP |||||||||||||||||spa|d
020 |a 8486475910 oc 
020 |a 8486475996 v.1 
020 |a 8486475918 v.2 
082 0 4 |a 796.312  |b LAS  |2 21 
100 |a Lasierra Aguilá, Gerard  |e author  |9 551988 
700 0 |a Ponz, José María  |e author  |9 551977 
700 0 |a Andrés, Fernando de  |e author  |9 551978 
245 1 0 |a 1013 ejercicios y juegos aplicados al balonmano 
250 |a 4a. ed 
300 |a v 
942 |c BK 
945 |d 20100812 00:00:00  |a dcastane 
260 |a Barcelona  |b Paidotribo  |c 2005 
500 |a v.1: fundamento sy ejercicios individuales 
500 |a v.2: sistemas de juego y entrenamiento del portero 
650 7 |a HANDBOL  |2 CL-VaPUC  |9 551979 
650 7 |a JUEGOS DE PELOTA  |2 CL-VaPUC  |9 340284 
650 7 |a ENTRENAMIENTO ATLETICO  |2 CL-VaPUC  |9 551980 
583 |a last modification  |c 20170816 09:49:04  |k Rodrigo Vera 
490 0 |a Colección Deporte 
999 |c 342202  |d 342200 
952 |0 0  |1 0  |4 0  |6 796_312000000000000_LAS_2005  |7 0  |8 C  |9 438255  |a BIBCUR  |b BIBCUR  |d 2019-11-22  |h v.1  |i 4702115  |l 1  |o 796.312 LAS 2005  |p 4702115  |r 2025-04-22  |s 2025-01-06  |w 2019-11-22  |y BK  |k DEN 
952 |0 0  |1 0  |4 0  |6 796_312000000000000_LAS_2005  |7 0  |8 C  |9 438256  |a BIBCUR  |b BIBCUR  |d 2019-11-22  |h v.2  |i 4702123  |o 796.312 LAS 2005  |p 4702123  |r 2025-04-22  |w 2019-11-22  |y BK  |k DEN